000
00322nam a2200121Ia 4500
008
240624s9999 xx 000 0 und d
041
_a
eng
082
_a
658.472 LEB
100
_a
LEBLANC PATRICK
245
_a
APPLIED MICROSOFT BUSINESS INTELLIGENCE
260
_c
2015
_a
New Delhi
_b
Wiley
300
_a
xxvii, 401 p.; 23 cm.
999
_c
30814
_d
30814